000 00300nam a2200097Ia 4500
082 _a338.4791|ENRO
245 0 _aEn route with tourism : an introductory text
100 _a Saayman, M. Cape Town [South Africa], 2013 4th ed
_954145
942 _cBK
008 210817s9999 xx 000 0 und d
999 _c171423
_d171422